000
00302nam a2200121Ia 4500
008
210430s9999 xx 000 0 und d
082
_a
301 I567 W
100
_a
Alex Inkeles
_9
546
245
_a
What is Sociology
_c
Alex Inkeles
260
_a
Islamabad
_b
SCme
_c
1964
300
_a
120p
942
_c
BK
_2
ddc
999
_c
562187
_d
562187